MINIMUM DESIGN LOADS FOR BUILDINGS AND OTHER STRUCTURES / (Record no. 588903)

000 -LEADER
fixed length control field 00280nam a22001217a 4500
020 ## - INTERNATIONAL STANDARD BOOK NUMBER
Qualifying information PB.
040 ## - CATALOGING SOURCE
Transcribing agency FIZZA ISHAQ
082 ## - DEWEY DECIMAL CLASSIFICATION NUMBER
Classification number 624.1
245 ## - TITLE STATEMENT
Title MINIMUM DESIGN LOADS FOR BUILDINGS AND OTHER STRUCTURES /
260 ## - PUBLICATION, DISTRIBUTION, ETC.
Place of publication, distribution, etc. ASCE ;
Date of publication, distribution, etc. 2010.
300 ## - PHYSICAL DESCRIPTION
Extent 608 P. ;
942 ## - ADDED ENTRY ELEMENTS (KOHA)
Source of classification or shelving scheme
Koha item type Book
Holdings
Withdrawn status Lost status Source of classification or shelving scheme Damaged status Not for loan Permanent Location Current Location Date acquired Total Checkouts Full call number Barcode Date last seen Price effective from Koha item type
          NUST Baluchistan Campus (NBC) NUST Baluchistan Campus (NBC) 03/21/2022   624.1 Q-3129 03/21/2022 03/21/2022 Book
© 2023 Central Library, National University of Sciences and Technology. All Rights Reserved.